000 00630nam a2200253Ia 4500
008 210210b2014 xxu||||| |||| 00| 0 eng d
020 _a01908092377
041 _aeng
082 _a327.54 MALD
100 _aMALONE (David M)
245 _aDoes the elephant dance?: contemporary Indian foreign policy
260 _aNew Delhi
_bOxford University Press
_c2014
300 _axxii,425
650 _athe
650 _apolicy
650 _aIndian
650 _aforeign
650 _aelephant
650 _aDoes
650 _adance?:
650 _acontemporary
690 _aInternational Relations
906 _a070514
999 _c119945
_d119945